The economics of defense in the nuclear age / (Record no. 351629)
[ view plain ]
| 000 -LEADER | |
|---|---|
| fixed length control field | 01225cam a2200373 a 4500 |
| 001 - CONTROL NUMBER | |
| control field | 652653 |
| 003 - CONTROL NUMBER IDENTIFIER | |
| control field | OSt |
| 005 - DATE AND TIME OF LATEST TRANSACTION | |
| control field | 20180116183051.0 |
| 008 - FIXED-LENGTH DATA ELEMENTS--GENERAL INFORMATION | |
| fixed length control field | 880121c19861960nyua b 001 0 eng d |
| 020 ## - INTERNATIONAL STANDARD BOOK NUMBER | |
| International Standard Book Number | 0689700946 |
| 035 ## - SYSTEM CONTROL NUMBER | |
| System control number | (OCoLC)506461676 |
| 035 ## - SYSTEM CONTROL NUMBER | |
| System control number | (OCoLC)ocn506461676 |
| 035 ## - SYSTEM CONTROL NUMBER | |
| System control number | (CStRLIN)NYCG88-B3838 |
| 035 ## - SYSTEM CONTROL NUMBER | |
| System control number | (NNC)652653 |
| 040 ## - CATALOGING SOURCE | |
| Original cataloging agency | RPB |
| Transcribing agency | RPB |
| Modifying agency | CStRLIN |
| -- | NNC |
| 043 ## - GEOGRAPHIC AREA CODE | |
| Geographic area code | n-us--- |
| 045 ## - TIME PERIOD OF CONTENT | |
| Time period code | x5x6 |
| 082 ## - DEWEY DECIMAL CLASSIFICATION NUMBER | |
| Classification number | 355 HIT 1960 |
| 090 ## - LOCALLY ASSIGNED LC-TYPE CALL NUMBER (OCLC); LOCAL CALL NUMBER (RLIN) | |
| Classification number (OCLC) (R) ; Classification number, CALL (RLIN) (NR) | UA23 |
| Local cutter number (OCLC) ; Book number/undivided call number, CALL (RLIN) | .H53 1986g |
| 100 1# - MAIN ENTRY--PERSONAL NAME | |
| Personal name | Hitch, Charles Johnston. |
| 245 14 - TITLE STATEMENT | |
| Title | The economics of defense in the nuclear age / |
| Statement of responsibility, etc. | Charles J. Hitch & Roland N. McKean ; with contributions by Stephen Enke ... [et al.]. |
| 250 ## - EDITION STATEMENT | |
| Edition statement | College ed. |
| 260 ## - PUBLICATION, DISTRIBUTION, ETC. | |
| Place of publication, distribution, etc. | New York : |
| Name of publisher, distributor, etc. | Atheneum, |
| Date of publication, distribution, etc. | 1986, c1960. |
| 300 ## - PHYSICAL DESCRIPTION | |
| Extent | vii, 422 p. : |
| Other physical details | ill. ; |
| Dimensions | 21 cm. |
| Accompanying material | PB |
| 440 ## - SERIES STATEMENT/ADDED ENTRY--TITLE | |
| Title | The economics of defense in the nuclear age |
| 500 ## - GENERAL NOTE | |
| General note | Includes index. |
| 500 ## - GENERAL NOTE | |
| General note | On cover: A RAND Corporation research study originally published by Harvard University Press. |
| 504 ## - BIBLIOGRAPHY, ETC. NOTE | |
| Bibliography, etc. note | Bibliography: p. [407]-418. |
| 651 #0 - SUBJECT ADDED ENTRY--GEOGRAPHIC NAME | |
| Geographic name | United States |
| General subdivision | Military policy. |
| 651 #0 - SUBJECT ADDED ENTRY--GEOGRAPHIC NAME | |
| Geographic name | United States |
| General subdivision | Economic policy. |
| 700 1# - ADDED ENTRY--PERSONAL NAME | |
| Personal name | McKean, Roland N. |
| 942 ## - ADDED ENTRY ELEMENTS (KOHA) | |
| Source of classification or shelving scheme | |
| Koha item type | Book |
| Withdrawn status | Lost status | Source of classification or shelving scheme | Damaged status | Not for loan | Collection code | Permanent Location | Current Location | Shelving location | Date acquired | Total Checkouts | Full call number | Barcode | Date last seen | Date last checked out | Price effective from | Koha item type |
|---|---|---|---|---|---|---|---|---|---|---|---|---|---|---|---|---|
| Central Library (CL) | Central Library (CL) | General Stacks | 08/12/2016 | 1 | 355 HIT 1960 | NBSD-2705 | 11/23/2017 | 08/22/2017 | 08/12/2016 | Book |
